[Event "Basso Veronese-B 2nd"]
[Site "Casaleone"]
[Date "2009.11.15"]
[Round "5"]
[White "Curto, Carlo Alberto"]
[Black "Rondelli, Roberto"]
[Result "0-1"]
[WhiteElo "1467"]
[BlackElo "1533"]
[PlyCount "60"]
[EventDate "2009.11.07"]
[EventType "swiss"]
[EventRounds "6"]
[EventCountry "ITA"]
[SourceTitle "EXT 2015"]
[Source "ChessBase"]
[SourceDate "2014.11.20"]
[SourceVersion "1"]
[SourceVersionDate "2014.11.20"]
[SourceQuality "1"]

1. e4 c5 2. d4 cxd4 3. c3 dxc3 4. Nxc3 Nc6 5. Bc4 e6 6. Nf3 d6 7. Bf4 e5 8. Bg3 Nf6 9. 0-0 Be7 10. Qe2 Bg4 11. Qe3 Bxf3 12. Qxf3 0-0 13. Rfd1 Rc8 14. Nd5 Nd4 15. Nxe7+ Qxe7 16. Qd3 Nh5 17. Rac1 Nxg3 18. hxg3 Rc7 19. Bd5 Rfc8 20. Bxb7 Rxc1 21. Bxc8 Rxc8 22. Kf1 Qc7 23. f4 Qc4 24. b3 Qxd3+ 25. Rxd3 a5 26. a3 f6 27. g4 Kf7 28. Kf2 Ke7 29. Kg3 Ne2+ 30. Kh2 Nxf4 0-1

[Event "Basso Veronese-B 2nd"]
[Site "Casaleone"]
[Date "2009.11.08"]
[Round "3"]
[White "Curto, Carlo Alberto"]
[Black "Moscato, Riccardo"]
[Result "1/2-1/2"]
[WhiteElo "1467"]
[BlackElo "1711"]
[PlyCount "75"]
[EventDate "2009.11.07"]
[EventType "swiss"]
[EventRounds "6"]
[EventCountry "ITA"]
[SourceTitle "EXT 2015"]
[Source "ChessBase"]
[SourceDate "2014.11.20"]
[SourceVersion "1"]
[SourceVersionDate "2014.11.20"]
[SourceQuality "1"]

1. e4 e6 2. d4 d5 3. exd5 exd5 4. Nf3 Nf6 5. Nc3 Be7 6. Be2 0-0 7. 0-0 Nbd7 8. Bf4 c6 9. Re1 Ne4 10. Nxe4 dxe4 11. Nd2 f5 12. f3 g5 13. Be5 Nxe5 14. dxe5 Qd4+ 15. Kh1 Qxe5 16. fxe4 f4 17. c3 Be6 18. Bc4 Rad8 19. Bxe6+ Qxe6 20. Qc2 g4 21. Rf1 Bg5 22. Qb3 Rfe8 23. Qxe6+ Rxe6 24. Nb3 Rxe4 25. Rae1 Rde8 26. Rxe4 Rxe4 27. Nc1 b6 28. Rd1 Kf8 29. Kg1 f3 30. gxf3 gxf3 31. Nd3 Be3+ 32. Kh1 Bg5 33. Rf1 Re3 34. Nf2 Bf4 35. Nd1 Rd3 36. Kg1 Be3+ 37. Nxe3 Rxe3 38. Rf2 1/2-1/2

[Event "Basso Veronese-B 2nd"]
[Site "Casaleone"]
[Date "2009.11.08"]
[Round "2"]
[White "Curto, Carlo Alberto"]
[Black "Negro, Raffaele"]
[Result "0-1"]
[WhiteElo "1467"]
[BlackElo "1844"]
[PlyCount "118"]
[EventDate "2009.11.07"]
[EventType "swiss"]
[EventRounds "6"]
[EventCountry "ITA"]
[SourceTitle "EXT 2015"]
[Source "ChessBase"]
[SourceDate "2014.11.20"]
[SourceVersion "1"]
[SourceVersionDate "2014.11.20"]
[SourceQuality "1"]

1. e4 g6 2. d4 Bg7 3. Nf3 d6 4. Bc4 e6 5. 0-0 Nd7 6. c3 a6 7. a4 b6 8. Bf4 Bb7 9. Re1 Ne7 10. Qd2 h6 11. b4 g5 12. Bg3 Nf6 13. Bd3 Nh5 14. Qe2 Nf4 15. Bxf4 gxf4 16. Nfd2 Rg8 17. Qf3 Ng6 18. d5 e5 19. Be2 Nh4 20. Qh5 Bf8 21. g3 Rg5 22. Qxh4 Bc8 23. Kh1 fxg3 24. fxg3 Be7 25. Qxh6 Rg6 26. Qh8+ Bf8 27. Bh5 Rh6 28. Bxf7+ Kxf7 29. Rf1+ Ke7 30. Qg8 Qe8 31. Qg5+ Kd7 32. Qf5+ Ke7 33. Qf3 Bg7 34. Na3 Qg6 35. Rf2 Bg4 36. Qe3 Rah8 37. Raf1 Ke8 38. Nf3 Bxf3+ 39. Qxf3 Rf8 40. Qe2 Qxg3 41. Rxf8+ Bxf8 42. Rf3 Qh4 43. Nc4 Be7 44. Rf2 Bg5 45. Rg2 Rf6 46. Ne3 Qxe4 47. Qh5+ Rg6 48. Qh8+ Ke7 49. Qh7+ Kf8 50. Ng4 Bf6 51. Qd7 Be7 52. Qc8+ Kg7 53. Qd7 Kf7 54. h3 Qxd5 55. Nxe5+ Qxe5 56. Rxg6 Kxg6 57. Qg4+ Bg5 58. h4 Qe1+ 59. Kh2 Qxh4+ 0-1